[Event "Mermaid Beach Club"]
[Site "Bermuda"]
[Date "1999.01.23"]
[Round "3"]
[White "Bacrot, Etienne"]
[Black "Pelletier, Yannick"]
[Result "1-0"]
[WhiteElo "2561"]
[BlackElo "2483"]
[Annotator "Tisdall,J"]
[PlyCount "85"]
[EventDate "1999.01.21"]
[EventType "tourn"]
[EventRounds "13"]
[EventCountry "BER"]
[EventCategory "9"]
[SourceTitle "CBM 069"]
[Source "ChessBase"]
[SourceDate "1999.04.01"]
[SourceVersion "1"]
[SourceVersionDate "1999.04.01"]
[SourceQuality "1"]

1. d4 Nf6 2. c4 e6 3. Nf3 b6 4. g3 Bb7 5. Bg2 Be7 6. O-O O-O 7. Nc3 Na6 8. d5 {
The principled reaction to black's refusal to commit a center pawn, but there
are other methods:} (8. Bg5 c5 9. d5 exd5 10. cxd5 d6 11. Nh4 Qd7 12. Qd2 b5
13. e4 b4 14. Nd1 Bd8 15. Nf5 g6 16. Bh3 $40 {1-0 Sulava,N-Tiviakov,S/
Montecatini Terme 1995/EXT 97 (46)}) (8. Bf4 d6 9. d5 c5 10. e4 Nc7 11. a4 a6
12. Qc2 b5 13. b3 Re8 14. Rad1 exd5 15. exd5 Bc8 16. Rfe1 Rb8 17. Ng5 $14 {
Tisdall,J-Tiviakov,S Gausdal Arnold Cup 1992. The move in the game tends to
give black rather active play. White is now obligated to maintain the
far-flung pawn on d5.}) 8... Bb4 (8... exd5 $5 {is an interesting, though much
rarer alternative.} 9. cxd5 Bb4 10. Ne1 Re8 11. Nc2 Bxc3 12. bxc3 Nc5 13. Ne3
Nfe4 14. Bb2 Qf6 15. Rc1 Ba6 $36 {0-1 Fancsy,I-Loginov,V/Heraklio 1993/TD (40)}
) 9. Bd2 (9. Bg5 Bxc3 10. bxc3 Nc5 11. Nd2 exd5 12. cxd5 h6 13. Bxf6 Qxf6 $15 {
1/2-1/2 Huebner,R-Tiviakov,S/Wijk aan Zee 1996/CBM 51 (25)}) (9. Nh4 $5 Bxc3 (
9... c6 $5 10. e4 cxd5 11. cxd5 Nc5 12. Qd4 Bxc3 13. bxc3 d6 14. Ba3 exd5 15.
exd5 Qd7 $11 {0-1 Beaumont,C-Cooper,J/England 1998/CBM 64 ext (37)}) 10. bxc3
Nc5 11. Ba3 Rb8 12. e4 d6 13. Bxc5 bxc5 14. f4 e5 $6 15. fxe5 dxe5 16. Qa4 $16
{1-0 Panchenko,A-Allen,A/Biel 1994/TD (39)}) 9... Nc5 10. Ne1 Re8 11. Rc1 $5 {
[%csl Rc7] White has had some difficulty shaking off black's piece play in the
center in this variation. Here some long term pressure on the c-line is one
ingredient in a planned pawn sacrifice. White's structural problems after} (11.
Nc2 Bxc3 12. Bxc3 exd5 13. cxd5 Nce4 14. Ne3 Nxc3 15. bxc3 {allowed black to
speculate with a thematic exchange sacrifice.} Rxe3 $5 16. fxe3 d6 $44 {
0-1 Samarin,I-Chernyshov,K/Briansk 1995/EXT 98 (32). It seems structure is
worth much more than material in this line.}) 11... exd5 12. cxd5 Qe7 (12...
Bxc3 {is risky, but far from clear.} 13. Bxc3 Nce4 14. Bxf6 Nxf6 15. d6 c6 $13
{and it is not easy to assess the pros and cons of the pawn on d6.}) 13. Nc2
Bxc3 14. Bxc3 Qxe2 {Black decides to cash in on his central pressure, but this
is a very double-edged decision. The consistent} (14... Nce4 15. Bxf6 Qxf6 16.
Ne3 {should give roughly balanced chances.}) 15. Bxf6 gxf6 16. Ne3 $44 {
[%csl Gd5,Rf6,Rf7] White's compensation for the pawn is obvious - lasting
pressure against black's kingside weaknesses, greater space, and even a bit of
latent initiative on the c-line. But is this worth more than a pawn, or just
enough?} Qxd1 17. Rfxd1 a5 18. Rc4 d6 {[%csl Rc6,Rc7] This is natural in some
ways - it prevents any later possibilities of d6 and creates a defensive path
to the kingside. On the other hand, it greatly devalues the pawns on the flank
where black has a majority, and makes it even more difficult to create
counterplay.} (18... a4 $5 {looks more attractive to me - creating chances for
the Ra8 to enter the game, and possibly target the b2 pawn.} 19. Rf4 Ra5 {
offering to sell the f6 pawn for activity feels more entertaining, though
black's plan also has its logic.}) 19. Rh4 $5 {[%csl Rh7][%cal Ga4h4,Gh4a4,
Gf4f6,Gg4g8,Gh4h7,Gd1d4] A nice idea - white wishes to double rooks on the
fourth rank, keeping an irom grip on the e4 square, and creating chances of
attacking the entire kingside.} Bc8 20. Rdd4 Bd7 ({There seems to still be
time for something more constructive like} 20... a4 {to seek activity.}) 21.
Bf3 Re5 {This is going nowhere, and even more passivity is soon hard to avoid.}
22. Bd1 $5 Kg7 $2 {The way to justify black's current piece deployment must be}
(22... Rae8 23. Bc2 f5 {when the possession of e4 guarantees black
counterchances. I don't believe black should be worse in this case.}) 23. Bc2
h6 24. Rdf4 {White has now increased his grip. The lack of control over e4 and
f5 leaves black without active options, and he must beware of Bf5, gaining
access to the entire black kingside.} Rh8 25. Rf3 h5 26. Rhf4 Rh6 27. b3 {
It is not clear that this does anything - it creates the option of a3+b4,
though it is not terribly clear that this accomplishes much. But the clock
ticks and black must find something to do himself.} Bg4 $6 (27... b5 $5 {
looks correct, gaining some space. Doubtless black feared running out of moves
and prefers to clarify the position somewhat, even at the cost of being worse.}
) 28. Nxg4 hxg4 29. Rxg4+ Kf8 30. Rd4 Re2 (30... Re1+ $5 31. Kg2 Ra1 32. a4 Re1
{was tougher, cementing the knight on c5. This must pose greater problems.} (
32... Ra2 33. Bd1 {accomplishes nothing for black.})) 31. Rc3 Rh5 32. a3 Rhe5
33. b4 axb4 34. axb4 Ne4 35. Bxe4 R5xe4 36. Rdd3 Rxb4 (36... Re7 37. Rd4 {
leaves black passive, while white can target the c-and f-pawns easily.}) 37.
Rxc7 b5 (37... Rbb2 38. Rf3 Kg7 39. Rc6 $18) 38. Rd7 Rb1+ 39. Kg2 b4 40. Rxd6
b3 41. Rxf6 b2 42. Rb6 Rc1 43. d6 $1 {The simplest, forcing an ending with two
extra pawns.} 1-0

[Event "NOR-ch"]
[Site "Norway"]
[Date "1996.??.??"]
[Round "2"]
[White "Tisdall, Jonathan D"]
[Black "Heim, Sverre"]
[Result "1/2-1/2"]
[WhiteElo "2515"]
[BlackElo "2410"]
[Annotator "Tisdall,J"]
[PlyCount "44"]
[EventDate "1996.??.??"]
[EventType "swiss"]
[EventRounds "9"]
[EventCountry "NOR"]
[SourceTitle "EXT 1997"]
[Source "ChessBase"]
[SourceDate "1996.11.15"]
[SourceVersion "1"]
[SourceVersionDate "1996.11.15"]
[SourceQuality "1"]

1. d4 Nf6 2. Nf3 e6 3. g3 b6 4. Bg2 Bb7 5. c4 Be7 6. O-O O-O 7. d5 $5 {An
interesting gambit which I have played with success recently.} exd5 8. Nh4 c6
9. cxd5 Nxd5 10. Nf5 Nc7 11. e4 d5 12. Re1 Bf6 $5 {Considered risky by theory,
but I believe it is probably the best move.} (12... dxe4 13. Qg4 Bf6 14. Nc3 {
has been played more often, but white has very serious attacking chances here.}
) 13. Nc3 $5 {Theory prefers} (13. e5 Be7 14. Qg4 g6 15. Nxe7+ Qxe7 {when
white gets some attacking chances on the black squares. However, it seemed to
me that black is quite solid here, and I tried to find a way to keep black's
center under pressure.}) 13... Bc8 $1 {This is a key defensive manoeuvre, and
one which I underestimated in my preparations (I had planned this variation
for my final round game against Hjartarson in the Reykjavik Open.)} 14. Qf3 $1
{Clearing the d-line and keeping the knight protected with a piece.} Be6 $1 {
Another good solid move. If} (14... Nd7 15. g4 $1 {and white will develop a
dangerous attack after Dg3.}) 15. g4 $1 Nba6 $1 {It is important to support
the springer pa c7.} 16. Bf4 Bxf5 $1 {Another logica l move that take most of
the steam out of the white attack. White continues to have a strong
inititative, but his poor pawn structure guarantees black counterplay.} 17.
gxf5 dxe4 {[#]} 18. Qxe4 (18. Nxe4 {was my original intention, and I had
calculated a rather attractive line:} Nd5 $1 (18... Bxb2 19. Rad1 Nd5 20. Qb3
$1 Bf6 21. Qa4 $1 Qc8 22. Rxd5 $3 (22. Nd6 Nc5 $1) 22... cxd5 23. Nxf6+ gxf6
24. Bh6 Qc4 (24... Kh8 25. Bxf8 Qxf8 26. Qxa6) 25. Qa3 $1 {and black cannot
avoid the loss of material. Unfortunately,}) 19. Rad1 Nc5 $1 {leaves black
with a solid defensive position and an extra pawn. so, I decided not to push
my luck...}) 18... Nd5 19. Nxd5 cxd5 20. Qxd5 Qxd5 21. Bxd5 Rad8 22. Rad1 h6 $6
{Black's only doubtful move of the game, and accompanied by a draw offer. I
thought until I had four minutes left, but could not find a way through. First,
} (22... Nb4 $1 {was probably better:} 23. Bc4 Nc2 $1 24. Rxd8 Rxd8 25. Re4 h6
$5 {and the weakness on f5 gives white some worries.} (25... Nd4 26. Bc7)) (
22... h6 23. Bc4 Nc5 (23... Nb8 $2 24. Bxb8 Rxb8 25. Rd7 {gives white a
dangerous attack.}) 24. Bd6 (24. b4 Na4 25. Bd6 Nb2) 24... Rfe8 25. Rxe8+ Rxe8
26. Bxc5 bxc5 27. Rd7 Re7 28. Rd8+ Kh7 29. Rf8 g6 $1 {completely equalizes. A
well played game of some theoretical interest - unfortunately logical games
often end in draws...}) 1/2-1/2

[Event "Asker 75th"]
[Site "Asker"]
[Date "1997.11.29"]
[Round "8"]
[White "Gausel, Einar"]
[Black "Akesson, Ralf"]
[Result "1-0"]
[WhiteElo "2540"]
[BlackElo "2520"]
[Annotator "Tisdall,J"]
[PlyCount "99"]
[EventDate "1997.11.22"]
[EventType "tourn"]
[EventRounds "9"]
[EventCountry "NOR"]
[EventCategory "10"]
[SourceTitle "CBM 062"]
[Source "ChessBase"]
[SourceDate "1998.01.31"]
[SourceVersion "1"]
[SourceVersionDate "1998.01.31"]
[SourceQuality "1"]

1. Nf3 c5 2. c4 Nf6 3. Nc3 e6 4. g3 b6 5. Bg2 Bb7 6. O-O Be7 7. Re1 d5 8. cxd5
exd5 9. d4 O-O 10. Bf4 Na6 11. dxc5 Nxc5 {By far the most popular choice in
practice, black prefers an isolated pawn and active pieces to the chore of
defending the hanging pawns.} (11... bxc5 12. Ne5 Nc7 13. Qa4 (13. Nc4 $5 Ne6
$140 14. Be5 $36 {is a possibility mentioned by Gelfand in the notes to his
game with Karpov.}) 13... Ne6 14. Rad1 a5 15. Bc1 Ra6 16. Ng4 Bc6 17. Nxf6+
Bxf6 18. Qa3 Bd4 19. e3 Bxc3 20. Qxc3 d4 21. Qc4 Qa8 22. Bxc6 Rxc6 23. exd4
cxd4 24. Qd3 Rfc8 25. Bd2 Rc2 26. Bc3 Ng5 27. Qxc2 Nf3+ 28. Kf1 Nxh2+ 29. Ke2
dxc3 30. Rd3 cxb2 31. Rc3 Rxc3 32. Qxc3 Qe4+ 33. Kd2 Qxe1+ 34. Kxe1 b1=Q+ 35.
Kd2 Qxa2+ 36. Ke3 Qe6+ {0-1 Sorensen,T-Danielsen,H/DEN-ch 1988/EXT 88ch}) 12.
Be5 {By manoeuvring at once with the bishop, white allows Black the option of
an eventual ...Ne6 annexing the bishop pair. This does not really change very
much however, since white's dark-sqaured bishop is rather ineffective.} (12.
Nd4 Nce4 13. Nxe4 dxe4 14. Nf5 Bc5 15. Bd6 Bxd6 16. Nxd6 Bd5 17. Nf5 Be6 18.
Nd4 Qd5 19. e3 Rac8 20. Qa4 Rc7 21. Rec1 Rfc8 22. Rxc7 Rxc7 23. h3 Bd7 24. Qd1
h5 25. a3 g6 26. Qe2 Qg5 {Dautov,R-Ciolac,G/Porto San Giorgio op 1997/EXP 59/
1-0 (67), after black embarked on some ambitious adventures.}) (12. Rc1 {
led to a prominent white win for Gelfand against Karpov, but Pelletier later
restored solidity to the defence.} a6 (12... Nce4 13. Be5 Bc5 14. Bd4 Qe7 15.
Bh3 Rfd8 16. a3 Nxc3 17. Rxc3 Ne4 18. Rc2 a5 19. Qd3 Qd6 20. Qe3 Re8 21. Qf4
Rad8 22. Qxd6 Rxd6 23. e3 f6 24. Rd1 Bc6 25. Rcc1 Ba4 26. Re1 Re7 27. Nh4 {
Gelfand,B-Pelletier,Y/Credit Suisse 1997/CBM 60/[Fritz5.00 (100s)]/1/2-1/2 (66)
}) 13. a3 Re8 14. Nd4 Bd6 15. Bxd6 Qxd6 16. Qd2 Rad8 17. Red1 g6 18. Qf4 Qxf4
19. gxf4 Kf8 20. e3 Rd6 21. b4 Ne6 22. Nce2 Re7 23. a4 Nd8 24. a5 Bc6 25. Nc3
Be8 26. Bf1 bxa5 {Gelfand,B-Karpov,A/Vienna Millenium 1996/CBM 55/[Gelfand]/
1-0 (69)}) 12... Qd7 13. Bd4 Rad8 14. Rc1 Ne6 15. Qb3 Ne4 16. Red1 Nxd4 17.
Nxd4 Bc5 18. e3 Qe7 19. Qc2 g6 20. a3 h5 21. Qe2 Rfe8 22. Rc2 Qf6 23. Nxe4 dxe4
$11 {After this black should have no problems, and Åkesson even slightly
preferred his position. Nevertheless, white has good practical chances, with
ideas of probing for weaknesses on the queenside, and by getting black to
expose his position by making him play ...f5 to defend the e4-pawn. Most of
the players watching at this point had more faith in white's position, if for
no other reason than Gausel's penchant for quiet manoeuvring in this type of
position. Eventually he combines the assets of his position with his
opponent's time trouble to make real progress.} 24. Rcd2 a6 {One of those
small decisions that eat up thinking time because they are difficult to
differentiate. One alternative is} (24... a5 {which gains some space and does
not leave a weakness on a6, but on the other hand allows white to use the b5
square.}) 25. Qc4 Rc8 26. Qb3 Red8 27. Ne2 {Heading for c3, where added
pressure can be mounted against e4. The exchange of rooks also suits white, as
it creates more points of entry for his queen and reduces the chance of black
using the d3 square meaningfully.} Rxd2 28. Rxd2 Rd8 29. Qd1 Rxd2 30. Qxd2 Qd6
31. Qc2 Qd8 $2 (31... Qd3 $2 {only leads to a weak d-pawn after} 32. Qxd3 exd3
33. Nc3) (31... b5 {reducing the eventual scope of the white knight deserved
preference, when black should have nothing to fear.}) 32. Nc3 f5 33. Na4 {
Now white has a real initiative, since his queenside pawns are vulnerable, and
white can also probe the exposed kingside.} Qc7 34. Bf1 {White banks on
creating threats by invading with the forces that remain.} (34. Qc4+ $5 {
was the straightforward approach;} Kg7 35. b4 Bd6 36. Qd4+ Be5 37. Qxb6 Qxb6
38. Nxb6 Bb2 (38... Bc6 39. Bf1 Bc7 40. Nc4 Bb5 41. Nd2 $16) 39. Nc4 Bc1 40. a4
Bd5 {and the bishop pair give black defensive chances, particularly to reach
endings with bishops of opposite colors.}) 34... a5 {Taking the sting out of a
b4 advance.} 35. Qc4+ Kg7 36. Qe6 Bc8 37. Nxc5 Qxc5 38. Qe8 Qf8 $2 {A time
pressure error that allows white to increase the pressure. Better was} (38...
Qc7 {though white can continue to try and turn up the heat with} 39. b3 {
intending Bc4.}) 39. Qe5+ Kg8 (39... Qf6 $4 40. Qc7+) 40. h4 $6 (40. Bc4+ Kh7
41. Qc7+ {would win the b-pawn for nothing.}) 40... Qd8 41. Qb8 {Although it
could have been even better for white, his positional gains will soon shake
some material concessions out of black., who can hardly guard b6, the passive
bishop and his exposed king.} Kh7 42. Kg2 {Renewing the threat of Ba6.} f4 {
Gaining some breathing space for the Bc8 and threatening ...Bh3+.} 43. Qxf4 Bf5
44. Qe5 Qc8 45. Bb5 Qc2 46. Qe7+ Kg8 47. Be8 (47. Qd8+ Kh7 48. Qxb6 Bg4 {
allows unnecessary counterplay for black.}) 47... Qb3 $2 (47... Qxb2 {was the
last chance, when black still has hopes of creating counterplay with a passed
queenside pawn:} 48. Bf7+ Kh7 (48... Kh8 49. Qf8+ Kh7 50. Bg8+ Kh8 51. Be6+)
49. Bxg6+ Kxg6 50. Qg5+ $16) 48. Qf6 Kh7 49. g4 $1 hxg4 (49... Bxg4 50. Qxg6+
Kh8 51. Bf7) 50. h5 $1 (50. h5 Qg8 51. hxg6+ Bxg6 52. Qh4+ Kg7 53. Bxg6 Kxg6
54. Qxg4+ $18) 1-0